Unnil en nenjam thadumarudheh (Record no. 136713)

MARC details
000 -LEADER
fixed length control field 00646nam a2200253 i 4500
001 - CONTROL NUMBER
control field C2-0339444
003 - CONTROL NUMBER IDENTIFIER
control field PPAK
005 - DATE AND TIME OF LATEST TRANSACTION
control field 20180728141625.0
008 - FIXED-LENGTH DATA ELEMENTS--GENERAL INFORMATION
fixed length control field 161215s2015 ii |||| ||||| | tam d
040 ## - CATALOGING SOURCE
Original cataloging agency PPAK
Language of cataloging eng
Transcribing agency PPAK
Description conventions rda
082 04 - DEWEY DECIMAL CLASSIFICATION NUMBER
Classification number 894.8113
Edition number 23
090 00 - LOCALLY ASSIGNED LC-TYPE CALL NUMBER (OCLC); LOCAL CALL NUMBER (RLIN)
Classification number (OCLC) (R) ; Classification number, CALL (RLIN) (NR) 894.8113
Feature heading ROS
Feature heading G
100 0# - MAIN ENTRY--PERSONAL NAME
Personal name Rosy,
Relator term author
245 10 - TITLE STATEMENT
Title Unnil en nenjam thadumarudheh
264 #1 - PRODUCTION, PUBLICATION, DISTRIBUTION, MANUFACTURE, AND COPYRIGHT NOTICE
Place of production, publication, distribution, manufacture Chennai, India :
Name of producer, publisher, distributor, manufacturer Arun Padhipakkam ,
Date of production, publication, distribution, manufacture, or copyright notice 2015
300 ## - PHYSICAL DESCRIPTION
Extent 556 pages
336 ## - CONTENT TYPE
Source rdacontent
Content type term text
337 ## - MEDIA TYPE
Source rdamedia
Media type term unmediated
338 ## - CARRIER TYPE
Source rdacarrier
Carrier type term volume
490 1# - SERIES STATEMENT
Series statement 18 CM.
650 10 - SUBJECT ADDED ENTRY--TOPICAL TERM
Topical term or geographic name entry element Tamil fiction.
830 #0 - SERIES ADDED ENTRY--UNIFORM TITLE
Uniform title 18 CM.
942 ## - ADDED ENTRY ELEMENTS (KOHA)
-- dc
Koha item type Book
Holdings
Withdrawn Not for loan Current library Shelving location Date acquired Total Checkouts Total Renewals Full call number Barcode Date last seen Date last checked out Koha item type
    Perpustakaan Alor Setar Pinjaman Dewasa 22/12/2016 4 2 894.8113 ROS A01497127 15/02/2024 30/12/2023 Book
    Perpustakaan Kulim Pinjaman Dewasa 22/12/2016 1   894.8113 ROS A01497128 27/11/2019 05/11/2019 Book